LEADER 00953nam a2200241 i 4500 001 000000197630 003 CaOOAMICUS 005 20250519120921.0 008 110217s1806 it u000 u ita u 013 $a176317 026 $aree, i.i? ioo, FIIn (3) 1806 (A) 040 $aSeMil$bita 100 1 $aBertocchi, Maria Fulvia.$0(OLS)http://semarc/name/71520 245 10$aAristobolo tragedia di Maria Fulvia Bertocchi romana. 260 $aIn Venezia :$bPresso Antonio Rosa,$c1806. 300 $a75, [1] p. ;$c8°. 700 1 $aRosa, Antonio,$c.$0(OLS)http://semarc/name/11030 773 0 $t[Miscellanea.$w()24321 850 $aSeMil 852 $aSeMil$W1$xVenegono$y1$m5A I 25/2 FA$j148186$B148186$CSeMilBibl$Z2$F159614 $8I 996 $6245$aAristobolo tragedia di Maria Fulvia Bertocchi romana$9(OLS)http://semarc/title/285393 996 $6260$aIn Venezia :$bPresso Antonio Rosa$9(OLS)http://semarc/publisher/36137 LEADER 01201nam a2200289 i 4500 001 000000202153 003 CaOOAMICUS 005 20110516000000.0 008 110516s2007 it u000 u ita u 013 $a180859 020 $a978-88-16-40796-1 040 $aSeMil$bita 100 1 $aEliade, Mircea,$d<1907-1986>.$0(OLS)http://semarc/name/3480 240 10$aOceanografie.$0(OLS)http://semarc/title/292607 245 10$aOceanografia /$cMircea Eliade ; edizione italiana a cura di Roberto Scagno. 260 $aMilano :$bJaca Book,$c2007. 300 $aXV, 205 p. ;$c24 cm. 490 0 $aDi fronte e attraverso ;$v796 650 4$aEliade, Mircea - Diari e memorie.$0(OLS)http://semarc/subject/37985 700 1 $aScagno, Roberto,$d<1946- >.$0(OLS)http://semarc/name/3985 830 0$aDi fronte e attraverso ;$v796.$0(OLS)http://semarc/title/6486 850 $aSeMil 852 $aSeMil$W1$xVenegono$y1$m2R IV 92$j152676$B152676$CSeMilBibl$Z2$F164831 $81 961 $aOmaggio: Altro 996 $6020$a978-88-16-40796-1$9(OLS)http://semarc/number/195021 996 $6245$aOceanografia$9(OLS)http://semarc/title/292606 996 $6260$aMilano :$bJaca Book$9(OLS)http://semarc/publisher/29781